Europäische Hauptstädte nach Wappen # 1 - Statistiken

Allgemein
  • Dieses Quiz wurde 207 mal gespielt
  • Das Durchschnittsergebnis liegt bei 8 aus 15
Antwortstatistiken
Bildquiz Antwort % Korrekt
Rom
88%
Berlin
87%
Paris
75%
Amsterdam
72%
Wien
70%
Madrid
69%
Budapest
58%
Helsinki
52%
Dublin
48%
Riga
48%
Kiew
47%
Belgrad
42%
Reykjavik
28%
Andorra la Vella
15%
Nikosia
14%
Keine übereinstimmenden Quizze gefunden
Verteilung der Resultate
Anzahl Personen mit jedem Resultat
Perzentil nach korrekt beantworteten Fragen
Ihre Resultats-Entwicklung
Sie haben dieses Quiz noch nicht gespielt